Most Populous Ethnicity in the Philippines - Statistics

General Stats
  • This quiz has been taken 261 times
  • The average score is 4 of 7
Answer Stats
Percentage Ethnicity % Correct
28.1% Tagalog
98%
9.0% Ilocano
64%
13.1% Cebuano
63%
7.5% Hiligaynon
41%
3.4% Waray
36%
7.6% Bisaya
34%
6.0% Bicolano
33%
No matching quizzes found
Score Distribution
Percent of People with Each Score
Percentile by Number Answered
Your Score History
You have not taken this quiz